| 000 | 00565nam a2200205 a 4500 | ||
|---|---|---|---|
| 001 | 1986 | ||
| 005 | 20140414132053.0 | ||
| 008 | 040111s19uu xx 00 eng d | ||
| 020 | _a081675277 | ||
| 050 |
_aER _bB371 2002 |
||
| 245 |
_aBeauty and the beast / _cIllustrations by Zapp. |
||
| 250 | _anew ed. | ||
| 260 |
_aU.S.A : _bTroll Communications, _c2002. |
||
| 300 | _a28 p. : ill. ; cm. | ||
| 440 | _aStorytime Classics Collection | ||
| 650 | _aFairy tales. | ||
| 650 | _aFolklore-France. | ||
| 700 | _aKaren Milone (illustrated by) | ||
| 999 |
_c114242 _d114242 |
||